| 000 | 00903cab a2200241 4500 | ||
|---|---|---|---|
| 001 | WB3238-28 | ||
| 008 | 090401t1996 xxu||||| |||| 00| 0 eng d | ||
| 035 | _a(Sirsi) u20550 | ||
| 041 | _aeng | ||
| 245 | _aBanks expect property rise | ||
| 260 | _c1996 | ||
| 350 | _a0 | ||
| 490 |
_aDaily Telegraph _v7 October 1996, 29(2) |
||
| 490 |
_aProperty Week _v57 (2) 11 October 1996, 8(2) |
||
| 520 | _aA survey of 100 banks undertaken by estate agent Nelson Bakewell has revealed that 69 per cent expect to increase their property loan book over the next 12 months. The findings of the survey support the belief that banks have continuing confidence in the property sector. | ||
| 650 | _aBANK LENDING | ||
| 650 | _aFORECASTS | ||
| 650 | _aNELSON BAKEWELL | ||
| 650 | _aPROPERTY LOANS | ||
| 690 | _aPROPERTY-RESIDENTIAL PROPERTY-RESIDENTIAL PROPERTY MARKET | ||
| 942 | _n0 | ||
| 948 | _c04/03/1997 | ||
| 999 |
_c13767 _d13767 |
||